| 000 | 00619nam a2200181 i 4500 | ||
|---|---|---|---|
| 001 | 80379 | ||
| 003 | ES-MaACL | ||
| 005 | 20230906174213.0 | ||
| 007 | t| | ||
| 008 | 041027s1958 sp ||||1| spa d | ||
| 100 | 1 |
_aHochrein, Max. _963876 |
|
| 245 | 1 | 0 |
_aEnfermedades reumáticas _b: su origen y tratamiento / _cpublicado por Max Hochrein ; traducida del alemán por Guillermo Dierssen Gervas. |
| 250 | _a2ª ed. compl. ref. | ||
| 260 |
_aMadrid : _bEspasa-Calpe, _c1958. |
||
| 300 |
_aVI, 450 p., 1 lám. : _bil. ; _c25 cm. |
||
| 700 | 1 |
_aDierssen Gervas, Guillermo. _944610 |
|
| 852 |
_aES-MaACL _jC-15330 _bR.43101 |
||
| 999 |
_c80379 _d80379 |
||